Το χρονικό του Γαλαξειδίου

Saved in:
Bibliographic Details
Main Author: Σαββίδης, Αλέξιος Γ. Κ., 1955-
Format: Book
Language:Greek
Published: Αθήνα : Δημιουργία, 1996.
Series:Μελέτες για τη βυζαντινή και μεταβυζαντινή ελληνική ιστορία ; v.6
Subjects:
Tags: Add Tag
No Tags, Be the first to tag this record!

MARC

LEADER 00000cam a2200000 i 4500
001 1/18522
008 010315s1996 gr | ||| |||| ||gre||
035 |l 10066522 
040 |a GR-MY-UA  |b gre  |e aacr 
041 0 |a gre 
082 7 |a 949.504   |2 (22) 
100 1 |a Σαββίδης, Αλέξιος Γ. Κ.,   |d 1955- 
245 1 3 |a Το χρονικό του Γαλαξειδίου /   |c χειρόγραφο κείμενο Ευθύμιος [Πενταγιώτης], Ιερομόναχος ; ανάγνωση-εισαγωγή-σημειώσεις-δημοσίευση: Κωνσταντίνος Ν. Σάθας ; προλογικά: Αλέξης Γ.Κ. Σαββίδης.  
246 3 3 |a Χρονικόν Ανέκδοτον Γαλαξειδίου ή ιστορία Αμφίσσης, Ναυπάκτου, Γαλαξειδίου, Λοιδορικίου και των περιχώρων.  
260 |a Αθήνα :   |b Δημιουργία,   |c 1996.  
300 |a 244 σ. ;   |c 21 εκ.  
490 1 |a (Μελέτες για τη βυζαντινή και μεταβυζαντινή ελληνική ιστορία ;   |v  vol.6)  
651 0 |a Galaxidion (Greece)  |x History. 
830 0 |a Μελέτες για τη βυζαντινή και μεταβυζαντινή ελληνική ιστορία ;  |v  v.6 
852 |a INST  |b RHODES  |e 20010315  |h 949.504 ΣΑΒ  |p 005400017240  |q 005400017240  |t BK  |y 0 
901 |a BIBL4-2001-1 
970 |a ΚΟΥΛΑΚΙΟΤΗ  |b ΛΙΤΣΑ  |z 2001/03/15